Reassessing the Role and Modalities of Fiscal Policy in Advanced Economies.

This paper investigates how developments during and after the 2008-09 crisis have changed economists' and policymakers' views on: (i) fiscal risks and fiscal sustainability; (ii) the effectiveness of fiscal policy as a countercyclical tool; (iii) the appropriate design of fiscal adjustment...

Cijeli opis

Bibliografski detalji
Autor kompanije: International Monetary Fund
Format: Žurnal
Jezik:English
Izdano: Washington, D.C. : International Monetary Fund, 2013.
Serija:Policy Papers; Policy Paper ; No. 2013/056
Online pristup:Full text available on IMF
LEADER 01378cas a2200241 a 4500
001 AALejournalIMF019809
008 230101c9999 xx r poo 0 0eng d
020 |c 5.00 USD 
020 |z 9781498341608 
022 |a 2663-3493 
040 |a BD-DhAAL  |c BD-DhAAL 
110 2 |a International Monetary Fund. 
245 1 0 |a Reassessing the Role and Modalities of Fiscal Policy in Advanced Economies. 
264 1 |a Washington, D.C. :  |b International Monetary Fund,  |c 2013. 
300 |a 1 online resource (64 pages) 
490 1 |a Policy Papers 
500 |a <strong>Off-Campus Access:</strong> No User ID or Password Required 
500 |a <strong>On-Campus Access:</strong> No User ID or Password Required 
506 |a Electronic access restricted to authorized BRAC University faculty, staff and students 
520 3 |a This paper investigates how developments during and after the 2008-09 crisis have changed economists' and policymakers' views on: (i) fiscal risks and fiscal sustainability; (ii) the effectiveness of fiscal policy as a countercyclical tool; (iii) the appropriate design of fiscal adjustment programs; and (iv) the role of fiscal institutions. 
538 |a Mode of access: Internet 
830 0 |a Policy Papers; Policy Paper ;  |v No. 2013/056 
856 4 0 |z Full text available on IMF  |u http://elibrary.imf.org/view/journals/007/2013/056/007.2013.issue-056-en.xml  |z IMF e-Library